000 00787nas a2200265 4500
001 BR8904165
003 BR-BrBNA
005 20231205091655.0
007 ta
008 230509b bl.|||p| |||| 00| 00por d
040 _aBR-BrBNA
_bpor
_cBiblioteca Nacional de Agricultura
041 _a(Pt)
072 _aL73; L72
100 1 _aLobato, F.C.F.
100 1 _aMelo, M.A.
100 1 _aSilva, N.
100 1 _aDiniz, J.M.
245 1 _aBotulismo em bovinos causado pelo Clostridium botulinum tipo B
650 _aBOVINO
650 _aBOTULISMO
650 _aBACTERIA
773 0 _tArquivo Brasileiro de Medicina Veterinaria e Zootecnia (Brazil)
_xISSN 0102-0935
_g(Dec 1988), v. 40(6) p. 445-446
_wBR8904165
909 _a202311
_bLúcia
_c55
_dLúcia Elande
942 _2AGRIS
_n0
_cANA
999 _c126611
_d126611